00642nac a22002051u 4500010001600000082001300016090001500029100003400044245003600078250001100114260005900125300002200184500002600206511002600232650003600258650001100294942001500305999001500320952010100335 a 6602801800a201bHIC c6809d6809 aHick, John. 10aFaith and knowledge/cJohn Hick a2d ed. aIthaca, N.Y.,bCornell University Press.[1966]c[1966] ax, 268 p.c23 cm. adistributer: Al-Ahram acatalogued by: wessam 0aKnowledge, Theory of (Religion) 0aFaith. cBBk201HIC c6809d6809 00104070aMAINbMAINcLOWd2007-12-06ePurchasel0o201HICp000008170r2025-07-15 00:00:00yBB